000 00258nam a2200097Ia 4500
008 230508s1998 xx 000 0 und d
041 _aeng
100 _aSCOTT MUELLER
245 _aUPGRADING & REPAIRING PC'S 8TH EDITION
260 _bPRENTIC HALL OF INDI
_c1998
999 _c720686
_d720686